[Event "EGY-chT"]
[Site "Egypt"]
[Date "2016.05.09"]
[Round "5.5"]
[White "Hesham, Abdelrahman"]
[Black "Hussein, Mahmoud"]
[Result "1-0"]
[WhiteElo "2390"]
[BlackElo "2012"]
[PlyCount "85"]
[EventDate "2016.05.05"]
[EventType "team-tourn"]
[EventRounds "9"]
[EventCountry "EGY"]
[SourceTitle "CBM 172 Extra"]
[Source "ChessBase"]
[SourceDate "2016.06.21"]
[SourceVersion "1"]
[SourceVersionDate "2016.06.21"]
[SourceQuality "1"]
[WhiteTeam "Sharkia Dokhan"]
[BlackTeam "Kanal Suez"]
[WhiteTeamCountry "EGY"]
[BlackTeamCountry "EGY"]

1. d4 Nf6 2. c4 e5 3. dxe5 Ng4 4. Bf4 g5 5. Bg3 Bg7 6. Nf3 Nc6 7. Nc3 Ncxe5 8. Nxe5 Nxe5 9. e3 d6 10. h4 g4 11. h5 Be6 12. h6 Bf6 13. Ne4 Qe7 14. Nxf6+ Qxf6 15. Qd4 Nd7 16. 0-0-0 Qxd4 17. exd4 Nb6 18. b3 0-0-0 19. Bd3 d5 20. c5 Nd7 21. Kb2 c6 22. b4 a6 23. a4 Nf8 24. b5 axb5 25. axb5 Kd7 26. Ra1 Ke7 27. Ra7 Rd7 28. bxc6 bxc6 29. Bd6+ Ke8 30. Rha1 f5 31. Ra8+ Kf7 32. Ba6 Ng6 33. Rxh8 Nxh8 34. Bc8 Rd8 35. Ra7+ Kg6 36. Bxe6 Re8 37. Bd7 Re2+ 38. Kc3 Rxf2 39. g3 Kxh6 40. Bf4+ Kg6 41. Be8+ Kf6 42. Be5+ Kg5 43. Rxh7 1-0

[Event "Zgazig Sharkia op 3rd"]
[Site "Zgazig"]
[Date "2013.03.12"]
[Round "3"]
[White "Hussein, Mahmoud"]
[Black "Elgabry, Mohsen"]
[Result "0-1"]
[WhiteElo "2141"]
[BlackElo "2360"]
[PlyCount "62"]
[EventDate "2013.03.10"]
[EventType "swiss"]
[EventRounds "9"]
[EventCountry "EGY"]
[SourceTitle "CBM 153 Extra"]
[Source "ChessBase"]
[SourceDate "2013.04.22"]
[SourceVersion "1"]
[SourceVersionDate "2013.04.22"]
[SourceQuality "1"]

1. Nc3 e5 2. e4 d6 3. Bc4 Nf6 4. f4 Be7 5. Nf3 0-0 6. d3 exf4 7. Bxf4 c6 8. Qd2 d5 9. exd5 Nxd5 10. Bxd5 cxd5 11. 0-0 Nc6 12. Kh1 Be6 13. Nb5 Rc8 14. c3 Qd7 15. Nbd4 Nxd4 16. Nxd4 Bg4 17. Ne2 Bf5 18. Be5 f6 19. Bd4 b6 20. Qe3 Bd6 21. Qf3 Be6 22. Nf4 Bxf4 23. Qxf4 Bf7 24. Rae1 Bg6 25. Qf3 Rce8 26. h3 Qb5 27. Rd1 Re6 28. b3 Rd8 29. c4 Qd7 30. b4 dxc4 31. dxc4 Rd6 0-1